Normal view
MARC view
- منظمات اصحاب العمل-ادارة الاعمال-تكنولوجيا المعلومات
Entry Topical Term
001 - CONTROL NUMBER
- control field: 62928
003 - CONTROL NUMBER IDENTIFIER
- control field: JO-AjAnu
005 - DATE AND TIME OF LATEST TRANSACTION
- control field: 20230606084256.0
008 - FIXED-LENGTH DATA ELEMENTS
- fixed length control field: 230606|| aca||aabn | a|a d
040 ## - CATALOGING SOURCE
- Original cataloging agency: JO-AjAnu
- Transcribing agency: JO-AjAnu
150 ## - HEADING--TOPICAL TERM
- Topical term or geographic name entry element: منظمات اصحاب العمل-ادارة الاعمال-تكنولوجيا المعلومات
670 ## - SOURCE DATA FOUND
- Source citation: Work cat.: (JO-AjAnu)32086: اللامي، غسان قاسم داود، م مشارك اميرة سكر ولي البياتي, author 62927, تكنولوجيا المعلومات في منظمات الاعمال الاستخدامات والتطبيقات = Information Technology in Business Organizations Uses & Applications